| 000 | 00391nam a22001697a 4500 | ||
|---|---|---|---|
| 003 | MPLRDC | ||
| 005 | 20220104114451.0 | ||
| 008 | 210129b ||||| |||| 00| 0 eng d | ||
| 020 | _a962-86345-4-2 | ||
| 082 | _a916.65 LEE | ||
| 100 | _aDOMANIC LEE编辑 | ||
| 245 |
_a结他人 _c |
||
| 260 |
_a香港 _b浩弦公司 _c2005 |
||
| 300 | _b88 | ||
| 650 | _a结他 | ||
| 942 |
_cBK _o916.65 LEE |
||
| 999 |
_c7700 _d7690 |
||